000 00585cam a2200205 4500500
005 20260405003431.0
041 _afre
042 _adc
100 1 0 _aPortevin, Catherine
_eauthor
245 0 0 _aNietzsche et la Vie
260 _c2021.
500 _a51
690 _aBarbara Stiegler
690 _aCrise
690 _aNietzsche
690 _aNourriture
690 _aVivant
786 0 _nPhilosophie magazine | 154 | 11 | 2021-11-01 | p. 69-70 | 1951-1787
856 4 1 _uhttps://shs.cairn.info/magazine-philosophie-magazine-2021-11-page-69?lang=fr&redirect-ssocas=7080
999 _c2067491
_d2067492